Phobias Quiz Stats

 Plays Quiz Updated Dec 28, 2018

Support Sporcle.
Go Orange.
Score 0/12 Timer 04:00
2 Plays Today
Fear of Phobia Name % Correct
SpidersArachnophobia
84.8%
Confined SpacesClaustrophobia
73%
Open SpacesAgoraphobia
50.4%
Strangers/Foreigners/AliensXenophobia
41%
FirePyrophobia
39.5%
HeightsAcrophobia
31.5%
ClownsCoulrophobia
6%
VomitEmetophobia
5.7%
DogsCynophobia
4.9%
FlyingAviophobia
4.8%
Public SpeakingGlossophobia
4.1%
Thunder/LightningBrontophobia
3.9%

From the Vault

US States Larger Than the UK

by laurenthian

Try this quiz on for size!
Remove Ads.
Support Sporcle.
Get the best of Sporcle when you Go Orange. This ad-free experience offers more features, more stats, and more fun while also helping to support Sporcle. Thank you for becoming a member.

Show Comments

Extras

Top Quizzes Today


Score Distribution

Your Account Isn't Verified!

In order to create a playlist on Sporcle, you need to verify the email address you used during registration. Go to your Sporcle Settings to finish the process.

Report this User

Report this user for behavior that violates our Community Guidelines.

Details: